000 00356nam a2200145Ia 4500
008 090122s9999 xx 000 0 und d
082 _b5913
_a891.463
100 _aकदम
_bबाबा
245 _aनजराणा
600 _aकदम
630 _aनजराणा
700 _aकदम
730 _aनजराणा
942 _cBOOK
999 _c29990
_d29990